000 00530nam a2200205Ia 4500
003 GCL
008 140319s9999 xx 000 0 eng d
040 _aGCL /
_cGCL
082 0 4 _a750.92
_bF D
100 1 _aFRIEDLAENDER, WALTER
245 1 0 _aDAVID TO DELACROIX /
_cFRIEDLAENDER, WALTER
260 _a[S.N] :
_bHARVARD UNVIERSITY PRESS ،
_c1980
300 _a106 P
650 0 4 _aARTS
650 0 4 _aHISTORY AND CRITICISM
650 0 4 _aFRANCE
650 0 4 _aPAINTING - ILLUSTRATION
650 0 4 _aBAROQUE
942 _2ddc
_cBK
999 _c17449
_d17449